<?xml version="1.0" encoding="UTF-8"?><?xml-stylesheet type="text/xsl" href="static/style.xsl"?><OAI-PMH xmlns="http://www.openarchives.org/OAI/2.0/" xmlns:xsi="http://www.w3.org/2001/XMLSchema-instance" xsi:schemaLocation="http://www.openarchives.org/OAI/2.0/ http://www.openarchives.org/OAI/2.0/OAI-PMH.xsd"><responseDate>2026-05-17T00:18:23Z</responseDate><request verb="GetRecord" identifier="oai:repisalud.isciii.es:20.500.12105/10757" metadataPrefix="marc">https://repisalud.isciii.es/rest/oai/request</request><GetRecord><record><header><identifier>oai:repisalud.isciii.es:20.500.12105/10757</identifier><datestamp>2024-05-21T11:02:20Z</datestamp><setSpec>com_20.500.12105_2203</setSpec><setSpec>com_20.500.12105_2202</setSpec><setSpec>col_20.500.12105_19505</setSpec><setSpec>col_20.500.12105_19585</setSpec></header><metadata><record xmlns="http://www.loc.gov/MARC21/slim" xmlns:dcterms="http://purl.org/dc/terms/" xmlns:doc="http://www.lyncode.com/xoai" xmlns:xsi="http://www.w3.org/2001/XMLSchema-instance" xsi:schemaLocation="http://www.loc.gov/MARC21/slim http://www.loc.gov/standards/marcxml/schema/MARC21slim.xsd">
   <leader>00925njm 22002777a 4500</leader>
   <datafield ind2=" " ind1=" " tag="042">
      <subfield code="a">dc</subfield>
   </datafield>
   <datafield ind2=" " ind1=" " tag="720">
      <subfield code="a">Instituto de Salud Carlos III. Centro Nacional de Epidemiología</subfield>
      <subfield code="e">author</subfield>
   </datafield>
   <datafield ind2=" " ind1=" " tag="260">
      <subfield code="c">2016-02-21</subfield>
   </datafield>
   <datafield ind2=" " ind1=" " tag="520">
      <subfield code="a">En la semana 07/2016 se observa una tendencia a la estabilización en el ascenso de la onda epidémica, con una tasa de incidencia de gripe de 177,34 casos por 100.000 habitantes, y una onda epidémica de menor intensidad que la temporada 2014-15. La intensidad de la actividad gripal se mantiene en un nivel bajo, si bien la circulación de virus de la
gripe se presenta ampliamente extendida por todo el territorio sujeto a vigilancia.
De las 375 muestras centinela analizadas, 174 han sido positivas para el virus de la gripe (46,4%),
24% son virus B y 76% virus A (98% de A(H1N1)pdm09 entre los subtipados). La tasa de detección
viral disminuye por segunda semana consecutiva.
La circulación de VRS se mantiene en descenso desde que se alcanzó un máximo en la tasa de
detección viral en la semana 53/2015 (49%).
 Desde el inicio de la temporada 2015-16 se han notificado 1.075 casos graves hospitalizados confirmados de gripe (CGHCG) en todas las CCAA y las dos ciudades autónomas. El 96% de los casos
fueron virus A. De las detecciones A subtipadas, el 98% fueron A(H1N1)pdm09. Se han registrado
77 defunciones confirmadas, asociándose el 97% a infección por virus A [41 A(H1N1)pdm09, uno A
(H3N2) y 33 A no subtipado] y 3% (2 casos) por virus B.
 En la semana 06/2016 continúa aumentando la actividad gripal en Europa. La proporción de muestras centinela positivas a virus gripales también se mantiene alta (44%), siendo mayor del 30% en 21
países. En lo que va de temporada, el 72% de las muestras centinela positivas son virus tipo A, principalmente A(H1N1)pdm09, cuya representación sigue incrementándose entre los subtipados (86%).</subfield>
   </datafield>
   <datafield ind1="8" ind2=" " tag="024">
      <subfield code="a">http://hdl.handle.net/20.500.12105/10757</subfield>
   </datafield>
   <datafield tag="653" ind2=" " ind1=" ">
      <subfield code="a">Gripe</subfield>
   </datafield>
   <datafield tag="653" ind2=" " ind1=" ">
      <subfield code="a">Vigilancia Epidemiológica</subfield>
   </datafield>
   <datafield ind2="0" ind1="0" tag="245">
      <subfield code="a">Informe semanal de Vigilancia de la Gripe en España Semana 07/2016 (15 - 21 de febrero 2016) Nº 460. 25 de febrero de 2016</subfield>
   </datafield>
</record></metadata></record></GetRecord></OAI-PMH>